000 01198nam a2200337 i 4500
001 70499
003 Mx-PuUPA
005 20230908085759.0
008 230907s2017 ag a gr 000 0 spa d
020 _a9789501295054
040 _aMx-PuUPA
_bspa
_cMx-PuUPA
_dMx-PuUPA
_erda
041 0 _aspa
100 1 _aAugustowsky, Gabriela,
_914803
_eautor
245 1 3 _aLa creación audiovisual en la infancia :
_bde espectadores a productores /
_cGabriela Augustowsky
250 _a1a. edición /
_babril
264 1 _aCiudad Autónoma de Buenos Aires :
_bEditorial Paidós,
_c©2017
300 _a182 páginas :
_bilustraciones (en blanco y negro) ;
_c22 cm
336 _2rdacontent
_atexto
_btxt
336 _2rdacontent
_aimagen fija
_bsti
337 _2rdamedia
_asin medio
_bn
338 _2rdacarrier
_avolumen
_bnc
490 0 _aVoces de la educación
650 7 _2armarc
_aEducación
650 7 _2armarc
_aPedagogía
650 7 _2armarc
_aDocentes
942 _2ddc
_cLI
_h371.1
_iA915
999 _c70499
_d70499